Kada prekinuti s lošim poslovima?
Rozhovor s poisťovacím odborníkom o pohľadávkach Juhoslávie v rozvojových krajinách - prehľad. Dôsledky politicky vynútených obchodov so "spriatelenými" krajinami: z dvoch mld. dol. nezaplatili ani pol mil. dol. Niektoré krajiny neplatia ani úroky. Napr. Kuba dlhuje 120 mil. dol. a nik nevie, ani ve...
Saved in:
| Main Author: | |
|---|---|
| Other Authors: | |
| Format: | Book Chapter |
| Language: | Serbian |
| Subjects: | |
| Tags: |
No Tags, Be the first to tag this record!
|
MARC
| LEADER | 00000naa a2200000 4500 | ||
|---|---|---|---|
| 001 | r002449 | ||
| 005 | 20220819194148.8 | ||
| 041 | 0 | |a srp | |
| 044 | |a [YU] | ||
| 245 | 1 | 0 | |a Kada prekinuti s lošim poslovima? |c L. Kokic, V. Grličkov |
| 520 | |a Rozhovor s poisťovacím odborníkom o pohľadávkach Juhoslávie v rozvojových krajinách - prehľad. Dôsledky politicky vynútených obchodov so "spriatelenými" krajinami: z dvoch mld. dol. nezaplatili ani pol mil. dol. Niektoré krajiny neplatia ani úroky. Napr. Kuba dlhuje 120 mil. dol. a nik nevie, ani vedieť nemôže, kedy ich bude schopná zaplatiť - ďalšie údaje. | ||
| 610 | 2 | 0 | |a obchod zahraničný |
| 610 | 2 | 0 | |a pohľadávky |
| 610 | 2 | 0 | |a SFRJ |
| 610 | 2 | 0 | |a krajiny rozvojové |
| 610 | 2 | 0 | |a zadlženosť zahraničná |
| 100 | 1 | |a Kokic, L. | |
| 700 | 1 | |a Grličkov, V. | |